[Event "Remote email"]
[Site "Remote email"]
[Date "2013.01.03"]
[Round "?"]
[White "Peschen, Rainer"]
[Black "Wiedmann, Jochen"]
[Result "1-0"]
[WhiteElo "2215"]
[BlackElo "2002"]
[PlyCount "91"]
[EventDate "2013.??.??"]
[EventType "tourn (corr)"]
[EventRounds "6"]
[EventCountry "GER"]
[SourceTitle "Corr 2015"]
[Source "ChessBase"]
[SourceDate "2015.07.17"]
[SourceVersion "1"]
[SourceVersionDate "2015.07.17"]
[SourceQuality "1"]

1. d4 e6 2. e4 c5 3. d5 exd5 4. exd5 d6 5. Bd3 Nf6 6. Nc3 Be7 7. Nf3 0-0 8. 0-0 Na6 9. Re1 h6 10. a3 Nc7 11. Bc4 Rb8 12. Qd3 a6 13. a4 b6 14. Bf4 Bb7 15. Rad1 b5 16. axb5 axb5 17. Nxb5 Nxb5 18. Bxb5 Nxd5 19. Bd2 Nc7 20. Ba4 Bf6 21. c4 Bxb2 22. Rb1 Bxf3 23. Bc2 f5 24. Qxf3 Qh4 25. Ba5 Na6 26. Qd5+ Kh8 27. Qxd6 Rf6 28. Qd7 Qd4 29. Qxd4 cxd4 30. g4 fxg4 31. Rxb2 Rc8 32. Rb7 Nc5 33. Rc7 Rff8 34. Rxc8 Rxc8 35. Bf5 Rf8 36. Re5 Nb3 37. Bb4 Ra8 38. Kg2 Nc1 39. Re4 g5 40. Rxd4 Ne2 41. Rxg4 Nf4+ 42. Rxf4 gxf4 43. c5 Ra4 44. Bc3+ Kg8 45. c6 Kf7 46. c7 1-0

[Event "Remote email"]
[Site "Remote email"]
[Date "2013.01.03"]
[Round "?"]
[White "Wiedmann, Jochen"]
[Black "Nogler, Schimun"]
[Result "0-1"]
[WhiteElo "2002"]
[BlackElo "2416"]
[PlyCount "62"]
[EventDate "2013.??.??"]
[EventType "tourn (corr)"]
[EventRounds "6"]
[EventCountry "GER"]
[SourceTitle "Corr 2015"]
[Source "ChessBase"]
[SourceDate "2015.07.17"]
[SourceVersion "1"]
[SourceVersionDate "2015.07.17"]
[SourceQuality "1"]

1. d4 Nf6 2. Nf3 c5 3. Bf4 cxd4 4. Qxd4 Nc6 5. Qa4 Qb6 6. Qb3 Ne4 7. e3 Qxb3 8. axb3 f6 9. Nc3 Nxc3 10. bxc3 e5 11. Bg3 d5 12. Bb5 Be6 13. 0-0 Bc5 14. Nd2 Kf7 15. c4 dxc4 16. Bxc4 Rhd8 17. Bxe6+ Kxe6 18. Nc4 b5 19. Ra6 Kd7 20. Nb2 Nb4 21. Ra5 Kc6 22. c4 a6 23. Raa1 Ra7 24. Rad1 Rad7 25. Rxd7 Rxd7 26. Rb1 Rd2 27. h3 Na2 28. cxb5+ axb5 29. Nd1 b4 30. Ra1 Nc3 31. Kf1 Rxd1+ 0-1